书目信息 |
| 题名: |
环境水力学原理
|
|
| 作者: | 杨志峰 主编 ;郝芳华 , 王烜 , 孙涛 编 | |
| 分册: | ||
| 出版信息: | 北京 北京师范大学出版社 2006.04 |
|
| 页数: | 206页 | |
| 开本: | 23cm | |
| 丛书名: | ||
| 单 册: | ||
| 中图分类: | X52 | |
| 科图分类: | ||
| 主题词: | 环境水力学--huan jing shui li xue | |
| 电子资源: | ||
| ISBN: | 7-303-07801-0 | |
| 000 | 00946nam0 2200265 450 | |
| 001 | 012006859402 | |
| 005 | 20060906102933.64 | |
| 010 | @a7-303-07801-0@dCNY20.00 | |
| 100 | @a20060610d2006 km y0chiy0120 ea | |
| 101 | 0 | @achi |
| 102 | @aCN@b110000 | |
| 105 | @aa a 000yy | |
| 200 | 1 | @a环境水力学原理@Ahuan jing shui li xue yuan li@f杨志峰主编@Fyang zhi feng zhu bian@g王烜等编@Gwang xuan deng bian |
| 210 | @a北京@c北京师范大学出版社@d2006.04 | |
| 215 | @a206页@c图@d23cm | |
| 320 | @a有书目 (第201-206页)。 | |
| 330 | @a环境水力学主要研究污染物质在水体中的扩散、输移、混合规律及其应用。本书系统介绍了环境水力学的基本概念、基本理论和分析问题的基本方法。 | |
| 606 | 0 | @a环境水力学@Ahuan jing shui li xue |
| 690 | @aX52@v4 | |
| 701 | 0 | @a杨志峰@Ayang zhi feng@4主编 |
| 702 | 0 | @a郝芳华@Ahao fang hua@4编 |
| 702 | 0 | @a王烜@Awang xuan@4编 |
| 702 | 0 | @a孙涛@Asun tao@4编 |
| 801 | 0 | @aCN@bQSSK@c20060906 |
| 905 | @a10447@dX52@eY331 | |
| 环境水力学原理/杨志峰主编/王烜等编.-北京:北京师范大学出版社,2006.04 |
| 206页:图;23cm |
| ISBN 7-303-07801-0:CNY20.00 |
| 环境水力学主要研究污染物质在水体中的扩散、输移、混合规律及其应用。本书系统介绍了环境水力学的基本概念、基本理论和分析问题的基本方法。 |
| ● |
| 相关链接 |
|
|
|
正题名:环境水力学原理
索取号:X52/Y331
 
预约/预借
| 序号 | 登录号 | 条形码 | 馆藏地/架位号 | 状态 | 备注 |
| 1 | 584091 | 205840919 | 自科库501/501自科库 100排2列5层/ [索取号:X52/Y331] | 在馆 | |
| 2 | 584092 | 205840928 | 自科库501/501自科库 100排2列5层/ [索取号:X52/Y331] | 在馆 | |
| 3 | 584093 | 205840937 | 自科库501/501自科库 100排2列5层/ [索取号:X52/Y331] | 在馆 |